| 000 | 00449nam a2200169Ia 4500 | ||
|---|---|---|---|
| 003 | GCL | ||
| 008 | 140319s9999 xx 000 0 ara d | ||
| 040 |
_aGCL / _cGCL |
||
| 082 | 0 | 4 |
_a398.2 _bا ث |
| 245 | 1 | 0 | _aثأر ابن عنترة: دراسة تطبيقية فى الادب الشعبى |
| 300 | _a178 ص | ||
| 490 | _a | ||
| 650 | 0 | 4 | _aالادب |
| 650 | 0 | 4 | _aالادب الشعبى |
| 650 | 0 | 4 | _aالادب الغربى |
| 942 |
_2ddc _cBK |
||
| 999 |
_c40471 _d40471 |
||